Britain moves to implement ban. (Record no. 61578)
[ view plain ]
| 000 -LEADER | |
|---|---|
| fixed length control field | 00625cam a2200169 4500 |
| 001 - CONTROL NUMBER | |
| control field | WB3533-04 |
| 008 - FIXED-LENGTH DATA ELEMENTS--GENERAL INFORMATION | |
| fixed length control field | 000000n1999 000 0 eng u |
| 035 ## - SYSTEM CONTROL NUMBER | |
| System control number | (Sirsi) u102577 |
| 245 ## - TITLE STATEMENT | |
| Title | Britain moves to implement ban. |
| 260 ## - PUBLICATION, DISTRIBUTION, ETC. | |
| Date of publication, distribution, etc. | 1999 |
| 490 ## - SERIES STATEMENT | |
| Series statement | DETR News Release |
| Volume/sequential designation | (845) 24 August 1999 |
| 490 ## - SERIES STATEMENT | |
| Series statement | HSE News Release |
| Volume/sequential designation | (35) 24 August 1999 (2) |
| 520 ## - SUMMARY, ETC. | |
| Summary, etc. | Government has announced that the importation of white asbestos into the UK and its supply and use will be banned from 24 November 1999. |
| 650 ## - SUBJECT ADDED ENTRY--TOPICAL TERM | |
| Topical term or geographic name entry element | MANAGEMENT-HEALTH AND SAFETY-HAZARDOUS SUBSTANCES-ASBESTOS |
| 690 ## - LOCAL SUBJECT ADDED ENTRY--TOPICAL TERM (OCLC, RLIN) | |
| Topical term or geographic name as entry element | BUILT ENVIRONMENT |
| 942 ## - ADDED ENTRY ELEMENTS (KOHA) | |
| Suppress in OPAC | 0 |
| Withdrawn status | Lost status | Source of classification or shelving scheme | Damaged status | Not for loan | Home library | Current library | Shelving location | Date acquired | Total Checkouts | Full call number | Barcode | Date last seen | Copy number | Price effective from | Koha item type |
|---|---|---|---|---|---|---|---|---|---|---|---|---|---|---|---|
| Dewey Decimal Classification | London | London | News article | 23/11/1999 | WB3533-04 | 102577-1001 | 06/08/2019 | 1 | 06/08/2019 | News article |